000
00260nam a2200097Ia 4500
001
698681
005
20250826162056.0
008
250824s9999 xx 000 0 und d
245
0
_a
EV SAHİBESİ (ANTİK YENİ)
_c
DOSTOYEVSKİ
260
_b
ANTİK DÜNYA KLASİKLERİ
999
_c
698681
_d
698681